000 00769nam a22002417i 4500
003 DO-SdBNP
005 20250421135605.0
007 ta
008 250421b1979 |||||||| |||| 00| 0 eng d
040 _aDO-SdBNP
_bspa
_cBNPHU
_erda
041 _hspa
082 _axxx
_bR589s
_222
100 1 _aRipley Lamarche, Boanerges A.
_eautor
_975580
245 1 0 _aLa sucesion presidencial en la República Dominicana /
_cBoanerges A. Riplay Lamarche ; prólogo de Rafael Valera Benítez
264 _aSanto Domingo :
_bEditora desconocida,
_c1979
300 _a58 Páginas ;
_c23 cm
336 _ardacontent
_btexto
_2txt
337 _ardamedia
_bsin mediación
_2n
338 _ardacarrier
_bvolumen
_2nc
590 _aInventariado, 2025 /DG
910 _aDG
942 _2ddc
_cLBS1
999 _c58737
_d58737